00522cam a2200181ua 45000010005000000080039000050400009000440410012000530820012000651000018000772450036000952600044001313000009001756530024001849420007002089990015002159520110002308195120103n1983 II |||gr||||Z||||||eng aMAIN aEnglish a900 LEY aLEY , DAVID . aA SOCIAL GEOGRAPHY OF THE CITY  aNEW YORKbHARPER & ROW PUBLISHERSc1983 a499. aHistory & geography cBK c8176d8176 001040708TBGEOaMAINbMAINcGE#d1983-04-20o900 LEYp07327r2020-02-27 00:00:00t1w2020-02-27yBKzV